00581nam a2200193Ia 450000500170000000800410001702000300005804000190008804100120010708200130011910000170013224501160014926000300026530000150029550400190031065000180032965100300034785000100037720230116143225.0140110s9999 xx 000 0 und d a9789380607283cRs.1495.00 aLoreto College aEnglish a954bJAF aJafri,S.Z.H. aRecording the progress of Indian historybSymposia papers of the Indian History Congress 1992-2010cS.Z.H.Jafri aDelhibPrimus Booksc2012 axii,546p.  aIncludes index aHistory-India aIndia-Culture and society aLCLIB